000 00717nam a2200241 a 4500
001 5090
003 BD-RjUL
005 20211208234016.0
008 131224s1959 enk 2 00| 0 eng d
035 _a(BD-RjUL)
035 _a(BD-RjUL)5126
040 _aVDU
_beng
_cVDU
_dBD-RjU
041 _aeng
082 1 4 _a364.360941
_219
_bMAO 1959
100 1 _aMays, John Barron.
_915156
245 1 0 _aOn the threshold of delinquency /
_cby John Barron Mays.
260 _aLiverpool :
_bLiverpool University Press,
_c1959.
300 _ax, 243 p. ;
_c22 cm.
490 0 _aSocial research series
504 _aIncludes bibliographical references.
650 0 _aJuvenile delinquents
_zGreat Britain.
_916033
942 _2ddc
_cBK
999 _c5090
_d5090